| 000 | 02448nam a22001697a 4500 | ||
|---|---|---|---|
| 005 | 20220707214154.0 | ||
| 008 | 220707b |||||||| |||| 00| 0 eng d | ||
| 040 | _cBiblioteca Lado V | ||
| 082 |
_a784.188.6 _bAF258a |
||
| 100 | _aUniversity of KwaZulu-Natal | ||
| 245 |
_aafrican contemporary dance?: _bquestioning issues of a performance aesthetic for a developing and independent continent |
||
| 260 |
_aSudáfrica _bCenter for Creative Arts, University of KwaZulu-Natal _c2004 |
||
| 300 |
_a104 p. _bil. (col) _c30 x 21 cm |
||
| 505 |
_tAcknowledgments _tBiographies of Conference Delegates _tOpening Night Adress of the 8th JOMBA! Contemporary Dance Experience _rLiane Loots - Artistic Director JOMBA! _tConference Introduction _rLiane Loots and Miranda Young-Jahangeer _tConference Proceeding _tDay One _rPeter Rorvik - Director: Center for Creative Arts _rLiane Loots _rJay Pather _rAdrienne Sichel _rGregory Maqoma _rFaustin Linyekula _tDay two _tSession One: Defining a contemporary African dance aesthetic - can it be done? _rAdrienne Sichel _rGilbert Douglas _rAdedayo Liadi, Kettly Noël _rReginald Danster _rAugusto Cuvilas _tSession Two: The JOMBA! Young Choreographers engage the title: Defining a contemporary African dance aesthetic - can it be done? _rDavid Gouldie _rNtombi Gasa _rMdu Mtshali _rMusa Hlatshwayo _rSiyanda Duma _tDay Tree _tSession One: Teaching African Contemporary Dance - how is it different? _rSbonakaliso Ndaba _rAdedayo Liadi _rFaustin Linyekula _tSession Two: Training and African Contemporary Dance _rAdrienne Sichel _rSbonakaliso Ndaba _rAdedayo Liadi _rFaustin Linyekula _tSession Three: Durban choreographers speak to their notion of creating socially aware and critical dance work in South Africa _rPatricia Opondo _rDavid Gouldie _rLiane Loots _rOndine Bello _rJay Pather _tDay four _tSession One: Cultural Dance Collaboration - is it possible for the North and South to meet on equal terms to make work about/for Africa? _rLiane Loots _rFeri de Geus _rKettly Noël _rFaustin Linyekula _tSession Two: Europe funds Africa: Finding an equal relationship? (How does foreign funding impact on African dancers and choreographers making work for and about their contexts?) _rAdrienne Sichel _rPeter Rorvik _rMargriet Leemhuis _rGeorgina Thompson _rJanine Dreyer _rBénédicte Alliot _tConcluding Remarks _rMiranda Young-Jahangeer - Conference Co-ordinator |
||
| 600 |
_xDanza - África _xcoreografía - Sudáfrica _xartes escénicas |
||
| 942 |
_2ddc _c1 _n0 |
||
| 999 |
_c1919 _d1919 |
||